000 00284nam a22001217a 4500
008 240711b |||||||| |||| 00| 0 eng d
100 _aDeepchand
_916854
245 _aTe Nandhha Natak
260 _bSindh Pub;
_c1954.
300 _a19p.
700 _aTrilok Chand
_916855
942 _cBK
999 _c39985
_d39985